New perspectives in english two (Record no. 72647)

MARC details
000 -LEADER
fixed length control field 00640nam a22002537i 4500
003 - CONTROL NUMBER IDENTIFIER
control field URS
005 - DATE AND TIME OF LATEST TRANSACTION
control field 20230817141457.0
008 - FIXED-LENGTH DATA ELEMENTS--GENERAL INFORMATION
fixed length control field 181206s1999 ph ||||| |||| 00| 0 eng d
020 ## - INTERNATIONAL STANDARD BOOK NUMBER
International Standard Book Number 9712327337
040 ## - CATALOGING SOURCE
Transcribing agency URS
050 14 - LIBRARY OF CONGRESS CALL NUMBER
Classification number L15
Item number .F37 1999
100 1# - MAIN ENTRY--PERSONAL NAME
Personal name Fernando
245 ## - TITLE STATEMENT
Title New perspectives in english two
264 #1 - PRODUCTION, PUBLICATION, DISTRIBUTION, MANUFACTURE, AND COPYRIGHT NOTICE
Place of production, publication, distribution, manufacture Manila
Name of producer, publisher, distributor, manufacturer Rex Book Store
Date of production, publication, distribution, manufacture, or copyright notice 1999.
300 ## - PHYSICAL DESCRIPTION
Extent vi, 112 p.
Other physical details col. ill.; 21 cm.
336 ## - CONTENT TYPE
Content type term text
Content type code txt
Source rdacontent
337 ## - MEDIA TYPE
Media type term unmediated
Media type code n
Source rdamedia
338 ## - CARRIER TYPE
Carrier type term volume
Carrier type code nc
Source rdacarrier
650 ## - SUBJECT ADDED ENTRY--TOPICAL TERM
Topical term or geographic name entry element English
650 ## - SUBJECT ADDED ENTRY--TOPICAL TERM
Topical term or geographic name entry element Communication Arts
700 ## - ADDED ENTRY--PERSONAL NAME
Personal name Habana
700 ## - ADDED ENTRY--PERSONAL NAME
Personal name Cinco
942 ## - ADDED ENTRY ELEMENTS (KOHA)
Koha item type Reserved Books
Source of classification or shelving scheme Library of Congress Classification
Holdings
Withdrawn status Source of classification or shelving scheme Damaged status Not for loan Collection code Home library Current library Shelving location Date acquired Total Checkouts Full call number Barcode Date last seen Price effective from Koha item type
  Library of Congress Classification     Non-fiction Tanay College Library Tanay College Library General Stacks 02/03/2015   L 15 F37 1999 URSTAN-15247 02/03/2015 02/03/2015 Filipiniana
  Library of Congress Classification     Non-fiction Tanay College Library Tanay College Library General Stacks 02/09/2015   L15 .F37 1999 URSTAN-15248 02/09/2015 02/09/2015 Filipiniana

University of Rizal System
Email us at univlibservices@urs.edu.ph

Visit our Website www.urs.edu.ph/library